Statistics for Countries with the most Ballon d'Or winner

Click here to take the quiz!

General Stats

  • This quiz has been taken 160 times
  • The average score is 12 of 19

Answer Stats

HintAnswer% Correct
6Argentine
99%
7Portugal
91%
7Allemagne
90%
6France
88%
4Italie
85%
7Pays-bas
83%
5Angleterre
82%
3Espagne
81%
3Russie
64%
1Hongrie
55%
1Croatie
53%
5Brésil
51%
1Ukraine
47%
1Liberia
45%
1Bulgarie
42%
1Ecosse
42%
2République Tchèque
42%
1Irlande
39%
1Danemark
8%

Score Distribution

Percentile by Number Answered

Percent of People with Each Score

Your Score History

You have not taken this quiz